Lítost

Bibliographic Details
Main Author: Kundera, Milan, 1929-2023 (Author)
Other Authors: Zádorová, Markéta, 1923- (Translator)
Format: Article
Language:Hungarian
Slovak
Subjects:

MARC

LEADER 00000nab a2200000 a 4500
001 vtls000449552
003 SK-MaSNL
005 20260303182041.0
008 180320c1992 xo 0 hun
015 |a SNBRB19rr/mm-uuuuu 
035 |a CL0449683 
040 |a SNKBUCL  |b slo  |c SNKBUCL  |e AACR2 
041 0 |a slo 
044 |a xo  |c SK 
080 |a 885.0-3=945.11  |2 1981 
100 1 |a Kundera, Milan,  |d 1929-2023  |4 aut  |9 208651 
245 1 0 |a Lítost  |c Milan Kundera ; Margit Zádor 
650 0 7 |a poviedky psychologické  |2 snkbucl  |9 893883 
655 7 |a články z novín a časopisov  |2 snkbucl  |9 267496 
655 7 |a články z odboru literárna veda a krásna literatúra  |2 snkbucl  |9 770045 
700 1 |a Zádorová, Markéta,  |d 1923-  |4 trl  |9 156118 
773 0 |t Irodalmi szemle  |g Roč. 35, č. 2 (1992), s. 134-159 
850 |a Slovenská národná knižnica v Martine  |a MTA001 
852 |a SNK  |b KIS3GCP 
958 |a RK 
958 |a CZ 
958 |a HU 
958 |a LX 
992 |a RBX 
999 |c 2115480  |d 2117410